[Event "POL-chT 2nd League"]
[Site "Wysowa"]
[Date "2005.09.02"]
[Round "7.96"]
[White "Gorol, Anna"]
[Black "Krokay, Urszula"]
[Result "0-1"]
[WhiteElo "1800"]
[BlackElo "1948"]
[PlyCount "70"]
[EventDate "2005.08.27"]
[EventType "team-swiss"]
[EventRounds "9"]
[EventCountry "POL"]
[SourceTitle "EXT 2019"]
[Source "ChessBase"]
[SourceDate "2018.10.10"]
[SourceVersion "1"]
[SourceVersionDate "2018.10.10"]
[SourceQuality "1"]
[WhiteTeam "Chroscice LZS Victoria"]
[BlackTeam "Zielonka Zieloni"]
[WhiteTeamCountry "POL"]
[BlackTeamCountry "POL"]

1. e4 c5 2. Nf3 Nc6 3. d4 cxd4 4. Nxd4 Nf6 5. Nc3 e5 6. Ndb5 d6 7. Bg5 a6 8. Bxf6 gxf6 9. Na3 b5 10. Nd5 f5 11. exf5 Bxf5 12. Bd3 Be6 13. Be4 Rc8 14. c3 Bg7 15. 0-0 0-0 16. Ne3 Ne7 17. Nd5 Ng6 18. f4 Bxd5 19. Bxg6 Qb6+ 20. Rf2 fxg6 21. Qxd5+ Kh8 22. Kf1 Rxf4 23. Rxf4 exf4 24. Qe6 Rf8 25. Re1 f3 26. gxf3 Rxf3+ 27. Ke2 Qf2+ 28. Kd1 Qxb2 29. Qxd6 Qa1+ 30. Ke2 Qxc3 31. Nc2 Rf6 32. Qd8+ Rf8 33. Qd1 Qe5+ 34. Ne3 Qxh2+ 35. Kd3 Rd8+ 0-1

[Event "POL-chT 2nd League"]
[Site "Wysowa"]
[Date "2005.08.31"]
[Round "5.96"]
[White "Wesolowska, Hanna"]
[Black "Gorol, Anna"]
[Result "1/2-1/2"]
[WhiteElo "2093"]
[BlackElo "1800"]
[PlyCount "91"]
[EventDate "2005.08.27"]
[EventType "team-swiss"]
[EventRounds "9"]
[EventCountry "POL"]
[SourceTitle "EXT 2019"]
[Source "ChessBase"]
[SourceDate "2018.10.10"]
[SourceVersion "1"]
[SourceVersionDate "2018.10.10"]
[SourceQuality "1"]
[WhiteTeam "Pawlowice GKS Pniowek 74"]
[BlackTeam "Chroscice LZS Victoria"]
[WhiteTeamCountry "POL"]
[BlackTeamCountry "POL"]

1. d4 Nf6 2. c4 g6 3. Nc3 Bg7 4. Bf4 0-0 5. e3 d6 6. h3 Nc6 7. Nf3 Nd7 8. Bh2 e5 9. d5 Ne7 10. Be2 h6 11. e4 a5 12. a3 f5 13. Nd2 Nf6 14. Rc1 g5 15. b4 Ng6 16. c5 fxe4 17. cxd6 cxd6 18. Ndxe4 Nxe4 19. Nxe4 axb4 20. axb4 Qb6 21. Qd2 Ra4 22. Rb1 Nf4 23. Bxf4 exf4 24. 0-0 Bf5 25. Bf3 Ra3 26. Kh2 Bd7 27. Rfc1 Be5 28. Qc2 Bf5 29. Re1 Rf7 30. Re2 Rf8 31. Rd2 Rf7 32. Bh5 Rf8 33. Bg4 Bh7 34. Qc4 Ra4 35. Rb3 Ra1 36. Rc2 Re1 37. Bf3 Qd8 38. Rc1 Rxc1 39. Qxc1 Qb6 40. Qe1 Ra8 41. Rb1 Rf8 42. Rc1 Qd4 43. Rd1 Qb2 44. Rb1 Qd4 45. Rd1 Qb2 46. Rb1 1/2-1/2

[Event "POL-chT 2nd League"]
[Site "Wysowa"]
[Date "2005.08.30"]
[Round "4.84"]
[White "Gorol, Anna"]
[Black "Rzepecka, Dorota"]
[Result "0-1"]
[WhiteElo "1800"]
[BlackElo "1971"]
[PlyCount "90"]
[EventDate "2005.08.27"]
[EventType "team-swiss"]
[EventRounds "9"]
[EventCountry "POL"]
[SourceTitle "EXT 2019"]
[Source "ChessBase"]
[SourceDate "2018.10.10"]
[SourceVersion "1"]
[SourceVersionDate "2018.10.10"]
[SourceQuality "1"]
[WhiteTeam "Chroscice LZS Victoria"]
[BlackTeam "Miedzyborow Wrzos"]
[WhiteTeamCountry "POL"]
[BlackTeamCountry "POL"]

1. e4 e6 2. d3 d5 3. Nd2 Nf6 4. Ngf3 Nc6 5. g3 Be7 6. Bg2 0-0 7. 0-0 dxe4 8. dxe4 e5 9. Re1 Bc5 10. h3 Qe7 11. Qe2 h6 12. c3 a5 13. Nh4 a4 14. Nc4 b5 15. Ne3 Bxe3 16. Bxe3 b4 17. Nf5 Qe6 18. Bc5 Ba6 19. Qc2 b3 20. axb3 axb3 21. Qc1 Rfd8 22. Ra3 Bb7 23. Qa1 Rxa3 24. Bxa3 Rd2 25. Qc1 Qd7 26. Ne3 Na5 27. Nd5 Nc4 28. Bf1 Bxd5 29. exd5 Rc2 30. Qb1 Nxa3 31. bxa3 Qxd5 32. c4 Qf3 33. Be2 Rxe2 34. Rxe2 Qxe2 35. Qxb3 Ne4 36. Qb8+ Kh7 37. Qa7 f5 38. Qe3 Qxc4 39. Qf3 Nd6 40. Qe3 Qd4 41. Qb3 c5 42. g4 c4 43. Qf3 fxg4 44. hxg4 c3 45. g5 c2 0-1

[Event "POL-chT 2nd League"]
[Site "Wysowa"]
[Date "2005.08.28"]
[Round "2.90"]
[White "Janiszyn, Elzbieta"]
[Black "Gorol, Anna"]
[Result "1-0"]
[WhiteElo "1929"]
[BlackElo "1800"]
[PlyCount "57"]
[EventDate "2005.08.27"]
[EventType "team-swiss"]
[EventRounds "9"]
[EventCountry "POL"]
[SourceTitle "EXT 2019"]
[Source "ChessBase"]
[SourceDate "2018.10.10"]
[SourceVersion "1"]
[SourceVersionDate "2018.10.10"]
[SourceQuality "1"]
[WhiteTeam "Czerwionka Gornik 23"]
[BlackTeam "Chroscice LZS Victoria"]
[WhiteTeamCountry "POL"]
[BlackTeamCountry "POL"]

1. d4 Nf6 2. c4 g6 3. Nf3 Bg7 4. Nc3 0-0 5. Bf4 d6 6. e3 Nfd7 7. Be2 Nc6 8. 0-0 e5 9. Bg3 Re8 10. Bh4 f6 11. Nd5 e4 12. Nd2 g5 13. Bg3 f5 14. c5 Nf6 15. Nxf6+ Bxf6 16. cxd6 cxd6 17. Bb5 Rf8 18. h3 Ne7 19. Rc1 Kh8 20. Bh2 Ng6 21. Qc2 Be6 22. Qc7 Rc8 23. Qxd6 Rxc1 24. Rxc1 Qa5 25. Qxe6 Qxd2 26. Rc8 Qe1+ 27. Bf1 Qb4 28. Qxf6+ Kg8 29. Rxf8+ 1-0

[Event "POL-chT 2nd League"]
[Site "Wysowa"]
[Date "2005.08.27"]
[Round "1.90"]
[White "Gorol, Anna"]
[Black "Guzik, Jolanta"]
[Result "0-1"]
[WhiteElo "1800"]
[BlackElo "2108"]
[PlyCount "106"]
[EventDate "2005.08.27"]
[EventType "team-swiss"]
[EventRounds "9"]
[EventCountry "POL"]
[SourceTitle "EXT 2019"]
[Source "ChessBase"]
[SourceDate "2018.10.10"]
[SourceVersion "1"]
[SourceVersionDate "2018.10.10"]
[SourceQuality "1"]
[WhiteTeam "Chroscice LZS Victoria"]
[BlackTeam "Jaworzno JKSz MCKiS II"]
[WhiteTeamCountry "POL"]
[BlackTeamCountry "POL"]

1. e4 e5 2. f4 d5 3. exd5 exf4 4. Nf3 Nf6 5. d4 Nxd5 6. c4 Ne3 7. Bxe3 fxe3 8. Be2 Bb4+ 9. Nc3 0-0 10. 0-0 c6 11. Qd3 Re8 12. Ne5 f6 13. Nf7 Qc7 14. Bh5 Rf8 15. Qxe3 Bxc3 16. bxc3 Rxf7 17. Bxf7+ Qxf7 18. Rae1 Nd7 19. Qe8+ Nf8 20. Re7 Qxe8 21. Rxe8 Kf7 22. Rfe1 Ng6 23. d5 cxd5 24. cxd5 Ne5 25. Rd8 Ke7 26. Rh8 b6 27. d6+ Kxd6 28. Rd1+ Kc7 29. Rxh7 Be6 30. Rxg7+ Kc6 31. a3 a6 32. Rd4 b5 33. Kf2 Bd5 34. g3 Re8 35. h4 f5 36. Rg5 Ng4+ 37. Rgxg4 fxg4 38. Rxg4 Kc5 39. Rf4 Bc4 40. g4 Re2+ 41. Kg3 Bd5 42. Rf6 a5 43. Kf4 Rc2 44. g5 Rxc3 45. h5 Rh3 46. h6 b4 47. axb4+ axb4 48. Ke5 Rh5 49. Kf4 b3 50. Rf8 Bc4 51. Rb8 Bb5 52. Rc8+ Kb4 53. Rc1 Bd3 0-1

[Event "POL-chT 2nd League"]
[Site "Polanica Zdroj"]
[Date "2004.09.12"]
[Round "11.95"]
[White "Gorol, Anna"]
[Black "Plicner, Justyna"]
[Result "1-0"]
[WhiteElo "1800"]
[BlackElo "1800"]
[PlyCount "57"]
[EventDate "2004.09.04"]
[EventType "team-swiss"]
[EventRounds "11"]
[EventCountry "POL"]
[SourceTitle "EXT 2019"]
[Source "ChessBase"]
[SourceDate "2018.10.10"]
[SourceVersion "1"]
[SourceVersionDate "2018.10.10"]
[SourceQuality "1"]
[WhiteTeam "Chroscice Victoria"]
[BlackTeam "Kielce Fart"]
[WhiteTeamCountry "POL"]
[BlackTeamCountry "POL"]

1. d4 Nf6 2. c4 e6 3. Nc3 Bb4 4. Bd2 c5 5. dxc5 Bxc5 6. e3 Nc6 7. Nf3 0-0 8. a3 a5 9. b3 b6 10. Bd3 Bb7 11. 0-0 Qe7 12. Qc2 Bxa3 13. Ne4 Nxe4 14. Bxe4 f5 15. Bd3 Nb4 16. Bxb4 Bxb4 17. Nd4 Qh4 18. Be2 Rf6 19. Bf3 Bd6 20. h3 Bxf3 21. Nxf3 Qh5 22. Qd3 e5 23. Qd5+ Re6 24. Qxa8+ Kf7 25. Qd5 Ke7 26. Rad1 Rg6 27. Nxe5 Bxe5 28. Qxe5+ Kd8 29. Rd6 1-0

[Event "POL-chT 2nd League"]
[Site "Polanica Zdroj"]
[Date "2004.09.11"]
[Round "10.59"]
[White "Klykow, Lukasz"]
[Black "Gorol, Anna"]
[Result "1-0"]
[WhiteElo "2195"]
[BlackElo "1800"]
[PlyCount "48"]
[EventDate "2004.09.04"]
[EventType "team-swiss"]
[EventRounds "11"]
[EventCountry "POL"]
[SourceTitle "EXT 2019"]
[Source "ChessBase"]
[SourceDate "2018.10.10"]
[SourceVersion "1"]
[SourceVersionDate "2018.10.10"]
[SourceQuality "1"]
[WhiteTeam "Wroclaw Srodmiescie"]
[BlackTeam "Chroscice Victoria"]
[WhiteTeamCountry "POL"]
[BlackTeamCountry "POL"]

1. c4 e6 2. d4 d5 3. Nf3 Nf6 4. g3 c6 5. Bg2 Be7 6. 0-0 0-0 7. Qc2 Nbd7 8. Bf4 Re8 9. Nbd2 b6 10. cxd5 Nxd5 11. Qxc6 Ba6 12. Rfe1 Nxf4 13. gxf4 Nf6 14. e3 Nd5 15. Ne5 Bb4 16. Rad1 f6 17. Nef3 Bd3 18. Rc1 Rc8 19. Qa4 Qe7 20. Qb3 Ba6 21. f5 Rxc1 22. Rxc1 Rc8 23. Re1 Bd6 24. fxe6 Qxe6 1-0

[Event "POL-chT 2nd League"]
[Site "Polanica Zdroj"]
[Date "2004.09.04"]
[Round "1"]
[White "Gorol, Anna"]
[Black "Walkiewicz Krauze, Anna"]
[Result "0-1"]
[WhiteElo "1800"]
[BlackElo "1800"]
[PlyCount "38"]
[EventDate "2004.09.04"]
[EventType "team-swiss"]
[EventRounds "11"]
[EventCountry "POL"]
[SourceTitle "CBM 102 Extra"]
[Source "ChessBase"]
[SourceDate "2004.11.03"]
[SourceVersion "1"]
[SourceVersionDate "2004.11.03"]
[SourceQuality "1"]
[WhiteTeam "Chroscice Victoria"]
[BlackTeam "Pultusk Nadnarwianka"]
[WhiteTeamCountry "POL"]
[BlackTeamCountry "POL"]

1. d4 Nf6 2. Nf3 g6 3. c4 Bg7 4. Nc3 d6 5. h3 0-0 6. e4 e5 7. d5 c6 8. Bg5 h6 9. Be3 cxd5 10. exd5 Nbd7 11. Nd2 Ne8 12. g4 f5 13. f4 exf4 14. Bf2 Ne5 15. gxf5 Bxf5 16. Nde4 Qe7 17. Be2 Nxc4 18. Bxc4 Bxc3+ 19. bxc3 Qxe4+ 0-1

[Event "POL-ch U18 Girls"]
[Site "Wisla"]
[Date "2000.??.??"]
[Round "6"]
[White "Gorol, Anna"]
[Black "Przytycka, Joanna"]
[Result "0-1"]
[WhiteElo "1800"]
[BlackElo "1800"]
[PlyCount "120"]
[EventDate "2000.02.26"]
[EventType "swiss"]
[EventRounds "10"]
[EventCountry "POL"]
[SourceTitle "EXT 2005"]
[Source "ChessBase"]
[SourceDate "2004.11.15"]
[SourceVersion "1"]
[SourceVersionDate "2004.11.15"]
[SourceQuality "1"]

1. d4 Nf6 2. c4 g6 3. Nc3 Bg7 4. e4 d6 5. h3 0-0 6. Nf3 a6 7. a4 a5 8. Be2 Nbd7 9. 0-0 e5 10. d5 Nc5 11. Qc2 Nfd7 12. g4 Nb8 13. Bg5 f6 14. Be3 Nba6 15. Nd2 f5 16. f3 Qh4 17. Kg2 h5 18. gxf5 gxf5 19. Rh1 Rf6 20. Rag1 Nb4 21. Qb1 f4 22. Bf2 Rg6+ 23. Kf1 Rxg1+ 24. Kxg1 Qf6 25. b3 Bd7 26. Kh2 Kh7 27. Rg1 Bh6 28. Qf1 Bg5 29. Qg2 Bh6 30. Nb5 Bxb5 31. cxb5 Qf7 32. Bxc5 dxc5 33. Nc4 Qf6 34. Nxe5 Qd6 35. Nc4 Qf6 36. e5 Qf5 37. d6 c6 38. bxc6 Nxc6 39. d7 Qe6 40. Bd3+ Kh8 41. Qg6 Qxg6 42. Rxg6 Bf8 43. Nd6 Nxe5 44. Re6 Nxd7 45. Nxb7 Bg7 46. Ra6 Rxa6 47. Bxa6 Bc3 48. Kg2 Bb4 49. Nd8 Bd2 50. Ne6 Be3 51. Kf1 Ne5 52. Ke2 Nc6 53. Bc4 Kh7 54. Kd3 Ne5+ 55. Ke4 Ng6 56. Bd3 Kh6 57. Kd5 Ne7+ 58. Kc4 Nc6 59. Be4 Nd4 60. Nxc5 Kg5 0-1

[Event "POL-ch U18 Girls"]
[Site "Wisla"]
[Date "2000.??.??"]
[Round "2"]
[White "Raryta, Malgorzata"]
[Black "Gorol, Anna"]
[Result "1/2-1/2"]
[WhiteElo "1600"]
[BlackElo "1800"]
[PlyCount "114"]
[EventDate "2000.02.26"]
[EventType "swiss"]
[EventRounds "10"]
[EventCountry "POL"]
[SourceTitle "EXT 2005"]
[Source "ChessBase"]
[SourceDate "2004.11.15"]
[SourceVersion "1"]
[SourceVersionDate "2004.11.15"]
[SourceQuality "1"]

1. d4 d5 2. c4 e6 3. Nc3 Nf6 4. Nf3 c6 5. e3 Nbd7 6. Bd3 Be7 7. 0-0 0-0 8. Bd2 b6 9. Rc1 Bb7 10. cxd5 cxd5 11. Bb1 Rc8 12. Ng5 h6 13. Nh3 Re8 14. f4 Ne4 15. Be1 f5 16. Qh5 Ba6 17. Rf3 Nxc3 18. Rxc3 Rxc3 19. Bxc3 Be2 20. Nf2 Bxf3 21. Qxf3 Nf6 22. g4 Ne4 23. gxf5 exf5 24. Qh5 Rf8 25. Be1 Qc8 26. Nd3 Qc6 27. Qd1 Bd6 28. a3 Rf6 29. Ba2 Rg6+ 30. Kf1 Qb5 31. a4 Qc6 32. Ne5 Bxe5 33. dxe5 Kh8 34. Bxd5 Qd7 35. Qb3 Nc5 36. Qc4 Qxa4 37. Qxa4 Nxa4 38. b4 b5 39. Bf7 Rc6 40. e6 Rc7 41. Bh4 g5 42. fxg5 hxg5 43. Bxg5 Rxf7 44. exf7 Kg7 45. f8Q+ Kxf8 46. Kf2 Kf7 47. Kf3 Kg6 48. Bd8 Nc3 49. Be7 Nd5 50. Bc5 a6 51. e4 fxe4+ 52. Kxe4 Nc3+ 53. Kd4 Na2 54. Kd5 Kf5 55. Kc6 Kg4 56. Kb6 Nxb4 57. Bxb4 Kh3 1/2-1/2

[Event "POL-ch U18 Girls"]
[Site "Wisla"]
[Date "2000.??.??"]
[Round "8"]
[White "Wisniewska, Monika"]
[Black "Gorol, Anna"]
[Result "1-0"]
[WhiteElo "1600"]
[BlackElo "1800"]
[PlyCount "53"]
[EventDate "2000.02.26"]
[EventType "swiss"]
[EventRounds "10"]
[EventCountry "POL"]
[SourceTitle "EXT 2005"]
[Source "ChessBase"]
[SourceDate "2004.11.15"]
[SourceVersion "1"]
[SourceVersionDate "2004.11.15"]
[SourceQuality "1"]

1. c4 g6 2. e4 Bg7 3. g3 d6 4. Bg2 Nf6 5. Ne2 e5 6. Nbc3 0-0 7. 0-0 Nc6 8. a3 Ne7 9. d3 c6 10. f4 Ne8 11. Be3 f5 12. d4 exf4 13. Bxf4 Nf6 14. Qb3 Kh8 15. Rad1 fxe4 16. Nxe4 Nxe4 17. Bxe4 Bg4 18. Rfe1 Qd7 19. d5 c5 20. Rd2 b6 21. Nc3 Nf5 22. Bxf5 Qxf5 23. Nb5 Rad8 24. Rf2 Bh3 25. Qe3 Rde8 26. Qxe8 g5 27. Nxd6 1-0